000 00527nam a22001817a 4500
999 _c17984
_d17984
003 AR-CdUCM
008 190511b ||||| |||| 00| 0 spa d
040 _aMUNICIPALIDAD PROVINCIAL DEL CUSCO
_cBIBLIOTECA MUNICIPAL DEL CUSCO
082 _aES / 370.3 /
_bV87
100 _aVox.
_938288
245 _aEnciclopedia escolar /
260 _aBarcelona :
_bBibliograf,
_c1967.
300 _c20 cm.
500 _aEnciclopedia sin numeración.
650 _aEnciclopedia.
_918075
942 _2ddc
_cLIBROS
945 _arum
_d2019-05-11